Real Madrid: Former and Current Players - Statistiques

Statistiques générales
  • Ce quiz a été pris 43 fois
  • Le résultat moyen est 19 sur 20
Answers on the Grid
Answers color-coded by a green-red scale on the quiz's grid according to % correct below.
Sergio Ramos
Lionel Messi
Luka Modrić
Thierry Henry
Karim Benzema
Gerard Piqué
Zinedine Zidane
Neymar Jr
Gareth Bale
Mesut Özil
Andrés Iniesta
David Beckham
Luis Suárez
Cristiano Ronaldo
Franck Ribéry
Toni Kroos
Ronaldinho
Iker Casillas
Zlatan Ibrahimović
Nicolas Anelka
Kaká
Xavi
Vinícius Júnior
Roberto Carlos
Raúl
Angel Di María
Casemiro
Claude Makélélé
Xabi Alonso
Ronaldo Nazário
 
Statistiques - réponses
Réponse % Correct
Sergio Ramos
100%
Cristiano Ronaldo
97%
Gareth Bale
97%
Iker Casillas
97%
Karim Benzema
97%
Luka Modrić
97%
Zinedine Zidane
97%
Claude Makélélé
95%
Kaká
95%
Raúl
95%
Roberto Carlos
95%
Ronaldo Nazário
95%
Toni Kroos
95%
Vinícius Júnior
95%
Xabi Alonso
95%
Casemiro
92%
David Beckham
92%
Mesut Özil
92%
Nicolas Anelka
92%
Angel Di María
90%
Aucun quiz correspondant
Distribution des résultats
% des personnes avec chaque résultat
Percentile par nombre de réponses
Votre historique - résultats
Vous n’avez pas pris ce quiz